| 000 | 00818nam a22002057a 4500 | ||
|---|---|---|---|
| 999 |
_c61982 _d61982 |
||
| 003 | Ge_BSU | ||
| 005 | 20240619093451.0 | ||
| 008 | 240619s1967 ge ||||| |||| 00| 0 geo d | ||
| 041 | _ageo | ||
| 080 | _a615.834(479.22) ჯ-54 | ||
| 100 |
_aჯიქია, ლუბა _922482 |
||
| 245 |
_aბახმარო / _cლუბა ჯიქია; რედ. კ.ელიაშვილი. |
||
| 264 |
_aთბილისი : _bსაბჭ. საქართველო, _c1967. |
||
| 300 |
_a33 გვ. ; _b20 სმ. |
||
| 653 | _aბახმარო | ||
| 653 | _aსაქართველოს კურორტები | ||
| 653 | _aკლიმატოთერაპია | ||
| 700 |
_aელიაშვილი, კ. _eრედაქტორი _922483 |
||
| 942 |
_2udc _cᲬᲘᲒᲜᲘ |
||